| 000 | 00398nam a2200133Ia 4500 | ||
|---|---|---|---|
| 005 | 20260328101531.0 | ||
| 008 | 260328s9999||||xx |||||||||||||| ||und|| | ||
| 100 | _aSalas Serrano, Julián | ||
| 245 | 0 |
_aContra el hambre de Vivienda : _b Soluciones Tecnológicas Latinoamericana / _cJulián Salas Serrano |
|
| 260 | _bEscala | ||
| 300 | _a312 p. | ||
| 650 | _aVIVIENDA DE INTERÉS SOCIAL | ||
| 942 | _cBK | ||
| 999 |
_c9967 _d9967 |
||